000 00499nam a2200217Ia 4500
003 OSt
005 20230315143704.0
008 210210b1949 xxu||||| |||| 00| 0 eng d
040 _cAL
041 _aeng
082 _a531/29
100 _aCHOWDHURY (S C Ray)
_975485
245 _aIntermediate physics Vol 2
260 _aCalcutta
_b-
_c1949
300 _axvii,554
440 _a2
_975486
690 _aPhysics
_975487
700 _aSINHA (D B)
_975488
906 _a008230
942 _2ddc
_cBK
999 _c126132
_d126132